Sports Quiz

Random Sports or World Quiz

Formula One World Champions (clickable) Quiz Stats

 Plays Quiz not verified by Sporcle

Challenge
Share
Tweet
Embed
Score 0/33 Timer 05:00
0 Plays Today
% Correct
Ayrton Senna
99.6%
Sebastian Vettel
99.3%
Alain Prost
98.5%
Fernando Alonso
98.5%
Niki Lauda
98.1%
Michael Schumacher
98.1%
Mika Häkkinen
98.1%
Lewis Hamilton
98.1%
Jenson Button
98.1%
Jackie Stewart
97.8%
Nigel Mansell
97.8%
Kimi Räikkönen
97.8%
Nelson Piquet
97.4%
Graham Hill
97%
Juan Manuel Fangio
96.7%
Jacques Villeneuve
96.3%
Emerson Fittipaldi
95.9%
% Correct
Damon Hill
95.6%
James Hunt
94.4%
Jack Brabham
94.1%
Jim Clark
93.7%
Keke Rosberg
93%
Alberto Ascari
91.5%
Mario Andretti
89.6%
Alan Jones
87.8%
Phil Hill
87.4%
Jody Scheckter
85.2%
John Surtees
83%
Giuseppe Farina
82.6%
Jochen Rindt
81.1%
Mike Hawthorn
78.1%
Denny Hulme
77.4%
Nico Rosberg
62%

You're not logged in!

Compare scores with friends on all Sporcle quizzes.
OR
Log In

You Might Also Like...

Show Comments

Extras

Top Quizzes Today


Score Distribution

Your Account Isn't Verified!

In order to create a playlist on Sporcle, you need to verify the email address you used during registration. Go to your Sporcle Settings to finish the process.

Report this User

Report this user for behavior that violates our Community Guidelines.

Details: